00337 a2200109 4500001001000000005001700010008004100027245004400068100002000112773007800132999001700210ART_1154520260410161858.0260409a 10aEstate taxation and charitable bequests1 aBoskin, Michael0 tJournal of public economicsg- Vol. 5, NÂș 1/2 (ene./feb. 1976)wREV11485 c25626d25626